[Event "Chioggia op-B 11th"]
[Site "Chioggia"]
[Date "2016.10.08"]
[Round "2"]
[White "Magnabosco, Mauro Denis"]
[Black "Trotta, Riccardo"]
[Result "0-1"]
[WhiteElo "1806"]
[BlackElo "1753"]
[PlyCount "152"]
[EventDate "2016.10.07"]
[EventType "swiss"]
[EventRounds "5"]
[EventCountry "ITA"]
[SourceTitle "EXT 2022"]
[Source "ChessBase"]
[SourceDate "2021.10.06"]
[SourceVersion "1"]
[SourceVersionDate "2021.10.06"]
[SourceQuality "1"]

1. c4 e5 2. Nc3 Nf6 3. g3 d5 4. cxd5 Nxd5 5. Bg2 Nb4 6. a3 N4c6 7. Nf3 Be7 8. d3 Nd7 9. 0-0 0-0 10. b4 a6 11. Bb2 Bf6 12. Rc1 Nd4 13. Nd5 Nxf3+ 14. Bxf3 c6 15. Ne3 Nb6 16. Ng4 Bxg4 17. Bxg4 Qe7 18. Qc2 Rad8 19. Bf3 Rfe8 20. Rfe1 Bg5 21. Rcd1 Rd6 22. Bc1 Bxc1 23. Rxc1 f5 24. Bg2 h5 25. h4 Nd7 26. Bf3 g6 27. Rcd1 Nf6 28. Qc1 Kg7 29. Qc5 Qe6 30. Qb6 Re7 31. Qc5 Red7 32. Rc1 e4 33. dxe4 fxe4 34. Bg2 Qg4 35. Qe3 Qe6 36. Qc5 Rd5 37. Qc4 Qe5 38. Qc2 Rd2 39. Qc3 Qf5 40. Qc4 Qe5 41. Qc3 Qxc3 42. Rxc3 Rd1 43. Kf1 Ng4 44. Rc1 Rxc1 45. Rxc1 e3 46. Bh3 Rf7 47. f3 Nf6 48. Rd1 Re7 49. Rd3 Nd5 50. Bg2 Kf6 51. f4 Nb6 52. Ke1 Nc4 53. Bf3 Nd2 54. Bg2 Nc4 55. Rc3 Nd6 56. Bh3 Nb5 57. Rd3 Nc7 58. Kf1 Nd5 59. Bg2 Nc7 60. Bf3 Ne8 61. Kg2 Ng7 62. Kh3 Ne6 63. Rxe3 Nxf4+ 64. gxf4 Rxe3 65. Kg3 Rxa3 66. e4 Rb3 67. Kf2 Rxb4 68. Ke3 a5 69. e5+ Kf5 70. Be2 Rxf4 71. Bd3+ Kxe5 72. Bxg6 Rxh4 73. Kf3 a4 74. Bb1 Rh3+ 75. Kg2 Re3 76. Kf2 Kd4 0-1

[Event "Chioggia op-B 10th"]
[Site "Chioggia"]
[Date "2015.10.11"]
[Round "5"]
[White "Trotta, Riccardo"]
[Black "Rosina, Graziano"]
[Result "0-1"]
[WhiteElo "1713"]
[BlackElo "1784"]
[PlyCount "96"]
[EventDate "2015.10.09"]
[EventType "swiss"]
[EventRounds "5"]
[EventCountry "ITA"]
[SourceTitle "EXT 2022"]
[Source "ChessBase"]
[SourceDate "2021.10.06"]
[SourceVersion "1"]
[SourceVersionDate "2021.10.06"]
[SourceQuality "1"]

1. d4 d6 2. c4 e5 3. dxe5 dxe5 4. Qxd8+ Kxd8 5. Nf3 f6 6. Nc3 c6 7. Be3 Be6 8. 0-0-0+ Nd7 9. Nd2 Kc7 10. f4 a5 11. fxe5 fxe5 12. Bf2 Ngf6 13. h3 Bb4 14. a3 Bxc3 15. bxc3 Bf7 16. e3 e4 17. Be2 Rad8 18. Bg3+ Kc8 19. Nb3 c5 20. Nxa5 Nb8 21. Kc2 Rxd1 22. Rxd1 b6 23. Rb1 Nbd7 24. Nc6 Kb7 25. Ne5 Nxe5 26. Bxe5 Re8 27. Bf4 Ra8 28. Kb3 Rd8 29. Rd1 Rxd1 30. Bxd1 Be6 31. Be2 Nd7 32. g4 h5 33. g5 g6 34. h4 Kc6 35. Bf1 Bf5 36. Be2 Nf8 37. Bb8 Ne6 38. Be5 Nd8 39. Kc2 Nb7 40. Bg3 Na5 41. Be1 Be6 42. Bd2 Bxc4 43. Bxc4 Nxc4 44. Bc1 Ne5 45. Kd1 Nf3 46. Ke2 Nxh4 47. Kf2 Nf3 48. Kg3 Nxg5 0-1

[Event "Chioggia op-B 07th"]
[Site "Chioggia"]
[Date "2012.10.13"]
[Round "3"]
[White "Trotta, Riccardo"]
[Black "Perissotto, Mario"]
[Result "1-0"]
[WhiteElo "1569"]
[BlackElo "1738"]
[PlyCount "55"]
[EventDate "2012.10.12"]
[EventType "swiss"]
[EventRounds "5"]
[EventCountry "ITA"]
[SourceTitle "EXT 2022"]
[Source "ChessBase"]
[SourceDate "2021.10.06"]
[SourceVersion "1"]
[SourceVersionDate "2021.10.06"]
[SourceQuality "1"]

1. d4 Nf6 2. c4 g6 3. Nc3 d5 4. cxd5 Nxd5 5. e4 Nxc3 6. bxc3 Bg7 7. f4 c5 8. Be3 0-0 9. Nf3 Nc6 10. h3 Qc7 11. Bb5 Rd8 12. Bxc6 Qxc6 13. d5 Bxc3+ 14. Bd2 Bxd2+ 15. Qxd2 Qb5 16. g4 b6 17. Kf2 Ba6 18. Rhe1 Rac8 19. f5 Kg7 20. Qc3+ f6 21. Ng5 Rd6 22. e5 Rd7 23. exf6+ exf6 24. Ne6+ Kf7 25. g5 Re7 26. fxg6+ hxg6 27. Qxf6+ Ke8 28. Ng7+ 1-0